| 000 | 01006nam a2200277 i 4500 | ||
|---|---|---|---|
| 001 | 000029885 | ||
| 003 | DO-SdBNP | ||
| 005 | 20240306073908.0 | ||
| 007 | ta | ||
| 008 | 110426s1985 dr 000 0 spa d | ||
| 040 |
_aDO-SdBNP _bspa _cBNPHU _erda |
||
| 082 | 4 |
_bH519S _222 |
|
| 100 | 1 |
_aTroncoso Sánchez, Pedro, _d1904-1989 _eautor _923599 |
|
| 245 | 1 | 0 |
_aRemenbranza de Pedro Henriquez Ureña / _cPedro Troncoso Sánchez ; palabras de presentación José del Castillo. |
| 264 |
_aSanto Domingo : _bMuseo del Hombre Dominicano, _c[1985?]. |
||
| 300 |
_a27 paginas. ; _c22 cm. |
||
| 336 |
_2rdacontent _atexto _btxt |
||
| 337 |
_2rdamedia _asin mediación _bn |
||
| 338 |
_2rdacarrier _avolumen _bnc |
||
| 490 | 1 |
_aCiclo de conferencias sobre el pensamiento de Pedro Henríquez Ureña _v1 |
|
| 590 | _aInventariado, 2023 / DG | ||
| 700 | 1 |
_aCastillo, José del _92145 |
|
| 830 | 0 |
_aCiclo de conferencias sobre el pensamiento de Pedro Henríquez Ureña ; _v1 _956629 |
|
| 910 | _aDG | ||
| 942 |
_2ddc _cLBS1 |
||
| 999 |
_c29377 _d29377 |
||